[Event "Augsburg Afro op"]
[Site "Augsburg"]
[Date "2003.08.10"]
[Round "7"]
[White "Berthold, Wolfgang"]
[Black "Muetz, Gunnar"]
[Result "0-1"]
[WhiteElo "2051"]
[BlackElo "2188"]
[PlyCount "66"]
[EventDate "2003.08.06"]
[EventType "swiss"]
[EventRounds "7"]
[EventCountry "GER"]
[SourceTitle "EXT 2006"]
[Source "ChessBase"]
[SourceDate "2005.11.24"]
[SourceVersion "1"]
[SourceVersionDate "2005.11.24"]
[SourceQuality "1"]

1. g3 e5 2. Bg2 d5 3. c4 c6 4. cxd5 cxd5 5. d4 e4 6. Nc3 h6 7. Bf4 Bb4 8. Bxb8 Bxc3+ 9. bxc3 Rxb8 10. Qa4+ Bd7 11. Qxa7 Bc6 12. Qa3 Ne7 13. e3 Ra8 14. Qb2 Qa5 15. Ne2 0-0 16. 0-0 Nf5 17. Rfb1 Nd6 18. Nc1 Nc4 19. Qb4 Qc7 20. a4 f5 21. Nb3 Qf7 22. a5 f4 23. exf4 g5 24. Ra2 gxf4 25. Nd2 fxg3 26. Nxc4 gxf2+ 27. Kh1 dxc4 28. Qd6 Kh7 29. Rf1 Rad8 30. Qg3 e3 31. Bxc6 bxc6 32. Re2 Rde8 33. h3 Rg8 0-1

[Event "Augsburg Afro op"]
[Site "Augsburg"]
[Date "2003.08.08"]
[Round "3"]
[White "Berthold, Wolfgang"]
[Black "Schiller, Stefan"]
[Result "1-0"]
[WhiteElo "2051"]
[BlackElo "1703"]
[PlyCount "59"]
[EventDate "2003.08.06"]
[EventType "swiss"]
[EventRounds "7"]
[EventCountry "GER"]
[SourceTitle "EXT 2006"]
[Source "ChessBase"]
[SourceDate "2005.11.24"]
[SourceVersion "1"]
[SourceVersionDate "2005.11.24"]
[SourceQuality "1"]

1. g3 d5 2. Bg2 e5 3. c4 Be6 4. Nf3 Nd7 5. cxd5 Bxd5 6. Nc3 Bc6 7. 0-0 g5 8. d4 exd4 9. Qxd4 f6 10. b4 Ne7 11. b5 Nf5 12. Qd3 Bxf3 13. Bxf3 Nd6 14. Bh5+ Nf7 15. Rd1 Nde5 16. Qe4 Qc8 17. Nd5 Bd6 18. Nxf6+ Kf8 19. Bb2 Qe6 20. Ng4 Re8 21. Rac1 Rg8 22. Nxe5 Bxe5 23. Bxe5 Qxe5 24. Qxe5 Rxe5 25. Bxf7 Kxf7 26. Rxc7+ Kg6 27. Rd6+ Kh5 28. Rxh7+ Kg4 29. f3+ Kf5 30. Rf7# 1-0

[Event "Augsburg Afro op"]
[Site "Augsburg"]
[Date "2003.08.07"]
[Round "2"]
[White "Maier, Alexander"]
[Black "Berthold, Wolfgang"]
[Result "1-0"]
[WhiteElo "2336"]
[BlackElo "2051"]
[PlyCount "81"]
[EventDate "2003.08.06"]
[EventType "swiss"]
[EventRounds "7"]
[EventCountry "GER"]
[SourceTitle "EXT 2006"]
[Source "ChessBase"]
[SourceDate "2005.11.24"]
[SourceVersion "1"]
[SourceVersionDate "2005.11.24"]
[SourceQuality "1"]

1. e4 c5 2. Nf3 g6 3. d4 Bg7 4. Bc4 cxd4 5. 0-0 Nc6 6. c3 dxc3 7. Nxc3 d6 8. Be3 Nf6 9. h3 0-0 10. a3 Bd7 11. Ba2 Qa5 12. Nd2 Qh5 13. f3 Bh6 14. Bxh6 Qxh6 15. f4 Nh5 16. Qf3 e5 17. g3 exf4 18. gxf4 Nd4 19. Qf2 Ne6 20. Nd5 Rae8 21. Qh4 g5 22. Qxh5 Qxh5 23. Nf6+ Kg7 24. Nxh5+ Kg6 25. f5+ Kxh5 26. fxe6 Bxe6 27. Bxe6 Rxe6 28. Rf5 Kg6 29. Rc1 h5 30. Rc7 f6 31. Kf2 b5 32. Rxb5 a6 33. Rd5 h4 34. b4 f5 35. Rxf5 Rxf5+ 36. exf5+ Kxf5 37. Kf3 Ke5 38. Kg4 Kd4 39. Nf3+ Kd3 40. Nxg5 Rh6 41. Rc6 1-0

[Event "Oberliga Bayern 0203"]
[Site "Bayern"]
[Date "2003.01.26"]
[Round "5.8"]
[White "Wiemer, Peter"]
[Black "Berthold, Wolfgang"]
[Result "0-1"]
[WhiteElo "2108"]
[BlackElo "2029"]
[PlyCount "70"]
[EventDate "2002.10.20"]
[EventType "team-tourn"]
[EventRounds "9"]
[EventCountry "GER"]
[SourceTitle "EXT 2004"]
[Source "ChessBase"]
[SourceDate "2003.11.25"]
[SourceVersion "1"]
[SourceVersionDate "2003.11.25"]
[SourceQuality "1"]
[WhiteTeam "Zirndorf"]
[BlackTeam "Haunstetten"]
[WhiteTeamCountry "GER"]
[BlackTeamCountry "GER"]

1. e4 c5 2. Nf3 g6 3. c3 Bg7 4. d4 Qa5 5. d5 d6 6. Bd3 Nf6 7. 0-0 0-0 8. Na3 Bg4 9. h3 Bxf3 10. Qxf3 Nbd7 11. Qe2 a6 12. Rb1 b5 13. b4 Qc7 14. c4 cxb4 15. Rxb4 Qa5 16. Rb1 Nc5 17. cxb5 Nxd3 18. Qxd3 axb5 19. Rxb5 Qa4 20. f3 Nd7 21. Kh1 Rfc8 22. Qb3 Qa6 23. Nb1 Nc5 24. Qc4 Nxe4 25. Qxe4 Qxb5 26. Re1 Qc4 27. Qxc4 Rxc4 28. Bg5 Bf6 29. Bxf6 exf6 30. Nd2 Rd4 31. Ne4 f5 32. Nf6+ Kf8 33. Re2 h6 34. Kh2 Rda4 35. Nd7+ Kg7 0-1

[Event "Oberliga Bayern 0203"]
[Site "Bayern"]
[Date "2002.11.17"]
[Round "2.7"]
[White "Stelter, Felix"]
[Black "Berthold, Wolfgang"]
[Result "0-1"]
[WhiteElo "2112"]
[BlackElo "2051"]
[PlyCount "84"]
[EventDate "2002.10.20"]
[EventType "team-tourn"]
[EventRounds "9"]
[EventCountry "GER"]
[SourceTitle "EXT 2004"]
[Source "ChessBase"]
[SourceDate "2003.11.25"]
[SourceVersion "1"]
[SourceVersionDate "2003.11.25"]
[SourceQuality "1"]
[WhiteTeam "Kriegshaber"]
[BlackTeam "Haunstetten"]
[WhiteTeamCountry "GER"]
[BlackTeamCountry "GER"]

1. d4 Nf6 2. c4 c5 3. d5 b5 4. cxb5 a6 5. Nc3 axb5 6. e4 Qa5 7. e5 Ne4 8. Nge2 g6 9. Qd3 Nxc3 10. Nxc3 Bg7 11. Qg3 b4 12. Ne4 0-0 13. Be3 d6 14. f4 Bf5 15. Nd2 Nd7 16. Nc4 Qc7 17. Be2 Nb6 18. Nxb6 Qxb6 19. 0-0 Ra7 20. Qf2 Rfa8 21. g4 Bd7 22. f5 gxf5 23. exd6 exd6 24. gxf5 Bf6 25. Kh1 Bb5 26. Bxb5 Qxb5 27. Qg3+ Kh8 28. Qxd6 Bxb2 29. Rad1 Rxa2 30. f6 Qe2 31. Rde1 Qg4 32. Qf4 Qxf4 33. Rxf4 Bc3 34. Rb1 Ra1 35. Rff1 b3 36. Kg2 Rxb1 37. Rxb1 b2 38. d6 c4 39. d7 Bxf6 40. Bc5 c3 41. Re1 Rg8+ 42. Kf3 c2 0-1

[Event "Oberliga Bayern 0102"]
[Site "Bayern"]
[Date "2002.04.28"]
[Round "9.7"]
[White "Berthold, Wolfgang"]
[Black "Zahn, Wolfgang"]
[Result "1-0"]
[WhiteElo "2030"]
[BlackElo "2170"]
[PlyCount "61"]
[EventDate "2001.10.07"]
[EventType "team-tourn"]
[EventRounds "9"]
[EventCountry "GER"]
[SourceTitle "EXT 2003"]
[Source "ChessBase"]
[SourceDate "2002.11.25"]
[SourceVersion "1"]
[SourceVersionDate "2002.11.25"]
[SourceQuality "1"]
[WhiteTeam "Haunstetten"]
[BlackTeam "Pasing"]
[WhiteTeamCountry "GER"]
[BlackTeamCountry "GER"]

1. Nf3 Nf6 2. c4 g6 3. Nc3 d6 4. g3 e5 5. d3 Bg7 6. Bg2 0-0 7. 0-0 a5 8. Rb1 Na6 9. a3 c6 10. b4 axb4 11. axb4 Bd7 12. h3 Ne8 13. Qb3 Kh8 14. Be3 f5 15. b5 Nac7 16. Bb6 Qe7 17. Ra1 e4 18. dxe4 fxe4 19. Nd2 Rxa1 20. Rxa1 cxb5 21. Ra7 bxc4 22. Qxc4 Be6 23. Qb4 Nd5 24. Nxd5 Bxd5 25. Nxe4 Qd7 26. Bd4 Qc6 27. Bxg7+ Kxg7 28. Qd4+ Kg8 29. Ra8 Qc1+ 30. Kh2 Qc4 31. Qe3 1-0

[Event "Oberliga Bayern 0001"]
[Site "Bayern"]
[Date "2001.01.28"]
[Round "5"]
[White "Berthold, Wolfgang"]
[Black "Oechslein, Rainer"]
[Result "1-0"]
[WhiteElo "2000"]
[BlackElo "2240"]
[PlyCount "83"]
[EventDate "2000.10.15"]
[EventType "team-tourn"]
[EventRounds "9"]
[EventCountry "GER"]
[SourceTitle "EXT 2020"]
[Source "ChessBase"]
[SourceDate "2019.10.17"]
[SourceVersion "1"]
[SourceVersionDate "2019.10.17"]
[SourceQuality "1"]
[WhiteTeam "Haunstetten TSV"]
[BlackTeam "Marktheidenfeld"]
[WhiteTeamCountry "GER"]
[BlackTeamCountry "GER"]

1. Nf3 c5 2. c4 g6 3. g3 Bg7 4. Bg2 Nc6 5. Nc3 e6 6. d4 cxd4 7. Nb5 d5 8. Nfxd4 a6 9. cxd5 exd5 10. Nxc6 bxc6 11. Nd4 Ne7 12. 0-0 0-0 13. Bg5 f6 14. Be3 Re8 15. Nxc6 Nxc6 16. Qxd5+ Be6 17. Qxc6 Rb8 18. Qxa6 Rxb2 19. Rfd1 Qe7 20. a4 Bg4 21. Bd5+ Kh8 22. Bf3 Bxf3 23. exf3 f5 24. Qd6 Qxd6 25. Rxd6 Rxf2 26. Kxf2 Bxa1 27. a5 Be5 28. Bd4 Bxd4+ 29. Rxd4 Kg7 30. a6 Kf6 31. a7 Ke6 32. Ra4 Ra8 33. Ke3 Kd5 34. Kf4 Ke6 35. h4 Kf7 36. h5 Kf6 37. hxg6 hxg6 38. Ra6+ Kg7 39. Kg5 Kh7 40. Ra1 Kg7 41. Ra3 Kh7 42. Ra6 1-0

[Event "Landesliga Sued 9899"]
[Site "Bayern"]
[Date "1998.11.15"]
[Round "3.7"]
[White "Strangmueller, Andreas"]
[Black "Berthold, Wolfgang"]
[Result "1/2-1/2"]
[WhiteElo "1930"]
[BlackElo "2030"]
[PlyCount "57"]
[EventDate "1998.11.10"]
[EventType "team-tourn"]
[EventRounds "9"]
[EventCountry "GER"]
[SourceTitle "EXT 2020"]
[Source "ChessBase"]
[SourceDate "2019.10.17"]
[SourceVersion "1"]
[SourceVersionDate "2019.10.17"]
[SourceQuality "1"]
[WhiteTeam "Landshut"]
[BlackTeam "Haunstetten TSV"]
[WhiteTeamCountry "GER"]
[BlackTeamCountry "GER"]

1. d4 g6 2. c4 Bg7 3. Nc3 d6 4. Nf3 c6 5. e4 Bg4 6. Be2 Bxf3 7. Bxf3 Qb6 8. d5 Nd7 9. 0-0 Ngf6 10. Be3 Qc7 11. Qd2 0-0 12. Rac1 Rac8 13. g3 Ne5 14. Be2 a6 15. Kg2 Qa5 16. f4 Ned7 17. a3 cxd5 18. cxd5 Ne8 19. Bd4 Bxd4 20. Qxd4 Qb6 21. Qxb6 Nxb6 22. b3 Kg7 23. Kf2 f5 24. exf5 gxf5 25. Bf3 Rc7 26. Ke3 Nf6 27. Kd4 Rfc8 28. Rfe1 Kf7 29. Re3 1/2-1/2

[Event "Landesliga Sued 9899"]
[Site "Bayern"]
[Date "1998.10.11"]
[Round "1.7"]
[White "Soergel, Thomas"]
[Black "Berthold, Wolfgang"]
[Result "1-0"]
[WhiteElo "2075"]
[BlackElo "2030"]
[PlyCount "51"]
[EventDate "1998.11.10"]
[EventType "team-tourn"]
[EventRounds "9"]
[EventCountry "GER"]
[SourceTitle "EXT 2020"]
[Source "ChessBase"]
[SourceDate "2019.10.17"]
[SourceVersion "1"]
[SourceVersionDate "2019.10.17"]
[SourceQuality "1"]
[WhiteTeam "Graefelfing SK"]
[BlackTeam "Haunstetten TSV"]
[WhiteTeamCountry "GER"]
[BlackTeamCountry "GER"]

1. c4 b6 2. d4 Nf6 3. Nc3 Bb7 4. Nf3 e6 5. e3 Be7 6. Bd3 d5 7. cxd5 exd5 8. 0-0 0-0 9. b3 c5 10. Bb2 Nbd7 11. Rc1 Ne4 12. Ne2 Bd6 13. Bb1 Qe7 14. Re1 f5 15. dxc5 bxc5 16. Nf4 d4 17. Nd3 dxe3 18. Rxe3 g5 19. Nd2 g4 20. Nxe4 Bxe4 21. Rxe4 Bxh2+ 22. Kf1 Qh4 23. Nxc5 Nb6 24. Qd4 Qh6 25. Re7 Be5 26. Qxe5 1-0